000
00238nam a2200085Ia 4500
008
120527s9999 xx 000 0 und d
100
_a
Blaszek,A.ed.
245
_a
African cereal stem borers:economic imporatnce,taxonomy natural
942
_c
BK
999
_c
22899
_d
22899